Materials handbook : (Record no. 353026)
[ view plain ]
| 000 -LEADER | |
|---|---|
| fixed length control field | 01075 a2200277 4500 |
| 003 - CONTROL NUMBER IDENTIFIER | |
| control field | OSt |
| 005 - DATE AND TIME OF LATEST TRANSACTION | |
| control field | 20180116192353.0 |
| 008 - FIXED-LENGTH DATA ELEMENTS--GENERAL INFORMATION | |
| fixed length control field | 120601t xxu||||| |||| 00| 0 eng d |
| 020 ## - INTERNATIONAL STANDARD BOOK NUMBER | |
| International Standard Book Number | 007136076X |
| 020 ## - INTERNATIONAL STANDARD BOOK NUMBER | |
| International Standard Book Number | 9780071360760 |
| 040 ## - CATALOGING SOURCE | |
| Transcribing agency | 0 |
| 082 04 - DEWEY DECIMAL CLASSIFICATION NUMBER | |
| Classification number | 620.1103 |
| 100 1# - MAIN ENTRY--PERSONAL NAME | |
| Personal name | Brady, George Stuart. |
| 9 (RLIN) | 3410 |
| 245 10 - TITLE STATEMENT | |
| Title | Materials handbook : |
| Remainder of title | an encyclopedia for managers, technical professionals, purchasing and production managers, technicians and supervisors / |
| Statement of responsibility, etc. | George Stuart Brady , Henry R. Clauser, John A. Vaccari.. |
| 250 ## - EDITION STATEMENT | |
| Edition statement | 15th ed. / |
| Remainder of edition statement | George S. Brady, Henry R. Clauser, John A. Vaccari. |
| 260 ## - PUBLICATION, DISTRIBUTION, ETC. | |
| Place of publication, distribution, etc. | New York ; |
| -- | London : |
| Name of publisher, distributor, etc. | McGraw-Hill, |
| Date of publication, distribution, etc. | c2002. |
| 300 ## - PHYSICAL DESCRIPTION | |
| Extent | viii, 1244 p. : |
| Dimensions | 24 cm. |
| 490 0# - SERIES STATEMENT | |
| Series statement | McGraw-Hill handbooks |
| 500 ## - GENERAL NOTE | |
| General note | Includes index. |
| 650 10 - SUBJECT ADDED ENTRY--TOPICAL TERM | |
| Topical term or geographic name entry element | Materials |
| General subdivision | Encyclopedias. |
| 9 (RLIN) | 3411 |
| 650 10 - SUBJECT ADDED ENTRY--TOPICAL TERM | |
| Topical term or geographic name entry element | Materials |
| General subdivision | Handbooks, manuals, etc . |
| 9 (RLIN) | 3412 |
| 700 1# - ADDED ENTRY--PERSONAL NAME | |
| Relator code | Clauser, Henry R. |
| 9 (RLIN) | 3413 |
| 700 1# - ADDED ENTRY--PERSONAL NAME | |
| Relator code | Vaccari, John A. |
| 9 (RLIN) | 3414 |
| 942 ## - ADDED ENTRY ELEMENTS (KOHA) | |
| Institution code [OBSOLETE] | SADA |
| Koha item type | Reference |
| Call number prefix | REF 620.1103 BRA 2002 |
| Source of classification or shelving scheme | |
| Withdrawn status | Lost status | Source of classification or shelving scheme | Damaged status | Not for loan | Permanent Location | Current Location | Date acquired | Total Checkouts | Full call number | Barcode | Date last seen | Cost, replacement price | Price effective from | Koha item type |
|---|---|---|---|---|---|---|---|---|---|---|---|---|---|---|
| School of Art Design and Architecture (SADA) | School of Art Design and Architecture (SADA) | 04/19/2011 | REF 620.1103 BRA 2002 | SADA0000972 | 08/05/2011 | 7782.00 | 08/05/2011 | Reference |
